Unemployment and voluntary work

Na minha lista:
Detalhes bibliográficos
Autor principal: Rublíková, Eva
Formato: Capítulo de Livro
Idioma:inglês
Tags: Adicionar Tag
Sem tags, seja o primeiro a adicionar uma tag!

MARC

LEADER 00000naa$a2200000$$$4500
001 0097021
005 20240502083243.3
041 0 |a eng 
044 |a ES 
245 1 0 |a Unemployment and voluntary work  |c Eva Rublíková 
100 1 |a Rublíková, Eva